[Event "British Columbia op"]
[Site "Burnaby CAN"]
[Date "2025.02.15"]
[Round "2.4"]
[White "Peiris, T G M"]
[Black "Aljo, Johan"]
[Result "1/2-1/2"]
[WhiteElo "1870"]
[BlackElo "2228"]
[WhiteFideId "-1"]
[WhiteFideId "-1"]
[PlyCount "63"]
[GameId "2162699947167257"]
[EventDate "2025.02.15"]
[EventType "swiss"]
[EventRounds "6"]
[EventCountry "CAN"]

1. e4 c5 2. Nf3 d6 3. d4 cxd4 4. Nxd4 Nf6 5. Nc3 Nc6 6. g3 g6 7. Bg2 Nxd4 8. Qxd4 Bg7 9. O-O O-O 10. Qd2 Qc7 11. Re1 Be6 12. Nd5 Nxd5 13. exd5 Bf5 14. c3 Rfe8 15. Qe2 Bd7 16. Bg5 b5 17. Qd2 Bf5 18. a4 bxa4 19. Rxa4 Rab8 20. Rea1 Rb7 21. Be3 Ra8 22. h4 a5 23. R4a2 Rab8 24. Qe2 Bd7 25. Bc1 Bb5 26. Qe3 a4 27. h5 Qc8 28. hxg6 hxg6 29. Qf4 Be5 30. Qh4 Bf6 31. Qf4 Be5 32. Qh4 1/2-1/2

[Event "British Columbia op"]
[Site "Burnaby CAN"]
[Date "2025.02.15"]
[Round "2.5"]
[White "Liu, Zachary"]
[Black "Yin, Aiden"]
[Result "1-0"]
[WhiteElo "2137"]
[BlackElo "1863"]
[WhiteFideId "-1"]
[WhiteFideId "-1"]
[PlyCount "65"]
[GameId "2162699947175450"]
[EventDate "2025.02.15"]
[EventType "swiss"]
[EventRounds "6"]
[EventCountry "CAN"]

1. b3 d5 2. Bb2 Bf5 3. Nf3 Nf6 4. c4 c6 5. g3 e6 6. Bg2 Be7 7. O-O O-O 8. d4 Nbd7 9. Nc3 dxc4 10. bxc4 Nb6 11. Qb3 Qc7 12. Nh4 Bg4 13. h3 Bh5 14. g4 Bg6 15. Nxg6 hxg6 16. a4 a5 17. e4 Rfd8 18. Rad1 Rac8 19. f4 Nbd7 20. Kh1 b6 21. e5 Ne8 22. f5 exf5 23. gxf5 gxf5 24. Rxf5 g6 25. Rf3 Ng7 26. Rdf1 Nf5 27. Rxf5 gxf5 28. Rxf5 Rf8 29. Ne2 f6 30. c5+ Kg7 31. Nf4 Qb8 32. Qg3+ Kf7 33. Qg6# 1-0

[Event "British Columbia op"]
[Site "Burnaby CAN"]
[Date "2025.02.15"]
[Round "2.6"]
[White "Mingrone, Peter"]
[Black "Taylor, Tristan"]
[Result "0-1"]
[WhiteElo "1856"]
[BlackElo "2074"]
[WhiteFideId "-1"]
[WhiteFideId "-1"]
[PlyCount "90"]
[GameId "2162699947175451"]
[EventDate "2025.02.15"]
[EventType "swiss"]
[EventRounds "6"]
[EventCountry "CAN"]

1. e4 e6 2. d4 d5 3. Nd2 c5 4. exd5 Qxd5 5. dxc5 Qxc5 6. Ngf3 Nf6 7. Bd3 Be7 8. O-O O-O 9. Qe2 Qc7 10. Ne4 Nbd7 11. Nxf6+ Nxf6 12. c4 b6 13. b3 Bb7 14. Bb2 Qf4 15. Be5 Qg4 16. Ne1 Qxe2 17. Bxe2 Rfd8 18. Bf3 Bxf3 19. Nxf3 Bc5 20. Bxf6 gxf6 21. Rfd1 Kf8 22. Kf1 Ke7 23. Ne1 e5 24. f3 a5 25. Ke2 Rxd1 26. Rxd1 a4 27. Nd3 axb3 28. axb3 Bd4 29. Nb4 Ke6 30. Nd5 Ra7 31. g4 f5 32. h3 fxg4 33. hxg4 Ra2+ 34. Rd2 Ra1 35. Rd1 Rxd1 36. Kxd1 f5 37. Ke2 e4 38. gxf5+ Kxf5 39. fxe4+ Kxe4 40. Kf1 Kf3 41. b4 h5 42. Nxb6 h4 43. Nd7 h3 44. Ne5+ Kg3 45. Nf3 Kxf3 0-1

[Event "British Columbia op"]
[Site "Burnaby CAN"]
[Date "2025.02.15"]
[Round "2.7"]
[White "Mohammed Qanee, Arpak Worya"]
[Black "Tu, Liam"]
[Result "0-1"]
[WhiteElo "2062"]
[BlackElo "1819"]
[WhiteFideId "-1"]
[WhiteFideId "-1"]
[PlyCount "88"]
[GameId "2162699947175452"]
[EventDate "2025.02.15"]
[EventType "swiss"]
[EventRounds "6"]
[EventCountry "CAN"]

1. e4 e6 2. d4 d5 3. Nc3 Nf6 4. Bg5 Be7 5. e5 Nfd7 6. h4 h6 7. Bxe7 Qxe7 8. Qg4 O-O 9. O-O-O f6 10. f4 a6 11. Nf3 c5 12. exf6 Qxf6 13. g3 cxd4 14. Nxd4 Nc5 15. Qh5 Nc6 16. Nxc6 bxc6 17. Re1 Rb8 18. Qe5 Bd7 19. Bh3 Qd8 20. a3 Qa5 21. Re3 Rfe8 22. Rhe1 Qb6 23. b4 Nb7 24. Na4 Qb5 25. Nc3 Qb6 26. Na4 Qb5 27. Qc7 Red8 28. Nc3 Qc4 29. Bf1 Qd4 30. Bxa6 Qa7 31. Bxb7 d4 32. Rd3 Qxa3+ 33. Kd1 Qxb4 34. Bxc6 Bxc6 35. Qxc6 dxc3 36. Qxe6+ Kh8 37. Ree3 Qb1+ 38. Ke2 Qxc2+ 39. Kf3 Rxd3 40. Kg4 Rxe3 41. Qxe3 Rd8 42. Qe7 Qd2 43. f5 c2 44. f6 Qd7+ 0-1

[Event "British Columbia op"]
[Site "Burnaby CAN"]
[Date "2025.02.15"]
[Round "2.9"]
[White "Yuan, Jaydon"]
[Black "Yang, Henry"]
[Result "1/2-1/2"]
[WhiteElo "1800"]
[BlackElo "2040"]
[WhiteFideId "-1"]
[WhiteFideId "-1"]
[PlyCount "160"]
[GameId "2162699947175453"]
[EventDate "2025.02.15"]
[EventType "swiss"]
[EventRounds "6"]
[EventCountry "CAN"]

1. e4 c5 2. Nc3 Nc6 3. g3 g6 4. Bg2 Bg7 5. Nge2 d6 6. f4 Rb8 7. a4 a6 8. O-O e6 9. d3 Nge7 10. Bd2 b5 11. Rb1 b4 12. Na2 a5 13. Nac1 Bd7 14. c4 f5 15. b3 O-O 16. Be3 Qc7 17. Kh1 fxe4 18. dxe4 e5 19. Nd3 Nd4 20. Bxd4 exd4 21. Ng1 Bc6 22. h4 Qb7 23. Qe2 Rbe8 24. Rbe1 Nf5 25. exf5 Rxe2 26. Rxe2 gxf5 27. Nf3 Be4 28. Nfe1 Re8 29. Rd2 Bxg2+ 30. Nxg2 Re3 31. Kh2 Qe4 32. Nge1 Re2+ 33. Rxe2 Qxe2+ 34. Rf2 Qd1 35. Rc2 Bf6 36. Rb2 Kf7 37. Rc2 Ke7 38. Rb2 Kd7 39. Rc2 Be7 40. Rb2 Ke6 41. Kg1 d5 42. Rc2 dxc4 43. bxc4 Bd6 44. Kf2 Kd7 45. Nb2 Qa1 46. Ned3 Qh1 47. Re2 Kc7 48. Re1 Qh2+ 49. Kf3 Qd2 50. Re2 Qc3 51. Kf2 Kc6 52. Kf3 Qa3 53. Kf2 Qa1 54. Re1 Qa2 55. Re2 Qb3 56. Kf3 Kd7 57. Kf2 h6 58. Kf3 Qa3 59. Kf2 Qa1 60. Re1 Qa2 61. Re2 Kc7 62. Kf3 Qb1 63. Re1 Qc2 64. Re2 Qc3 65. Kf2 Kd7 66. Kf3 h5 67. Kf2 Qb3 68. Kf3 Qa2 69. Kf2 Qb1 70. Re1 Qc2+ 71. Re2 Qc3 72. Kf3 Kc6 73. Kf2 Kd7 74. Kf3 Qb3 75. Kf2 Qa3 76. Kf3 Qa1 77. Re1 Qa2 78. Kf2 Qb3 79. Re2 Qa3 80. Kf3 Qc3 1/2-1/2

[Event "British Columbia op"]
[Site "Burnaby CAN"]
[Date "2025.02.15"]
[Round "2.10"]
[White "Zhang, Jasper"]
[Black "Gao, Justin"]
[Result "1/2-1/2"]
[WhiteElo "1720"]
[BlackElo "2017"]
[WhiteFideId "-1"]
[WhiteFideId "-1"]
[PlyCount "93"]
[GameId "2162699947175454"]
[EventDate "2025.02.15"]
[EventType "swiss"]
[EventRounds "6"]
[EventCountry "CAN"]

1. d4 Nf6 2. Bf4 d5 3. e3 Bf5 4. c4 e6 5. Nf3 Nbd7 6. Nc3 c6 7. Qb3 Qb6 8. c5 Qxb3 9. axb3 Ne4 10. b4 f6 11. b5 g5 12. Bg3 h5 13. h3 Nxg3 14. fxg3 Bg7 15. bxc6 bxc6 16. Ra6 Nb8 17. Ra3 O-O 18. Be2 Bh7 19. O-O g4 20. Nd2 f5 21. Rfa1 Rf7 22. Na4 Nd7 23. Nb6 Rb8 24. Nxd7 Rxd7 25. b3 e5 26. dxe5 Bxe5 27. Rxa7 Rxa7 28. Rxa7 Bc3 29. Nf1 Bg6 30. Re7 Bf7 31. Rc7 Be8 32. Bd3 Bb4 33. Bxf5 Bxc5 34. hxg4 hxg4 35. Bxg4 Bb6 36. Re7 Bf7 37. Be6 Bxe6 38. Rxe6 d4 39. exd4 Bxd4+ 40. Kh2 c5 41. Nd2 Kf7 42. Re4 Bc3 43. Rf4+ Kg6 44. Ne4 Bd4 45. Rg4+ Kf5 46. Rf4+ Kg6 47. Rg4+ 1/2-1/2

[Event "British Columbia op"]
[Site "Burnaby CAN"]
[Date "2025.02.15"]
[Round "2.11"]
[White "Landingin, Jofrel"]
[Black "Xu, Andrew"]
[Result "0-1"]
[WhiteElo "1693"]
[BlackElo "1964"]
[WhiteFideId "-1"]
[WhiteFideId "-1"]
[PlyCount "88"]
[GameId "2162699947175455"]
[EventDate "2025.02.15"]
[EventType "swiss"]
[EventRounds "6"]
[EventCountry "CAN"]

1. e4 c6 2. f4 d5 3. e5 Bf5 4. d4 e6 5. Nf3 c5 6. Bb5+ Nc6 7. c3 Qb6 8. Bxc6+ bxc6 9. O-O Ne7 10. Kh1 Ng6 11. Ng5 h6 12. Nf3 Be7 13. b3 O-O 14. Be3 c4 15. Rf2 Rfb8 16. Nbd2 Ba3 17. Nb1 Be7 18. Nbd2 Qa5 19. b4 Qa3 20. Qc1 Qxc1+ 21. Rxc1 a5 22. a3 axb4 23. axb4 Ra3 24. Re2 Rba8 25. Ree1 Kh7 26. h3 Nf8 27. Bf2 Ra2 28. Kg1 R8a3 29. g4 Bg6 30. Kg2 Nd7 31. Kg3 Nb6 32. h4 Na4 33. Re3 Bd3 34. Ne1 Rxd2 35. Nxd3 Rxd3 36. Rxd3 cxd3 37. Be1 Bxb4 38. Rd1 Nxc3 39. Bxc3 Rxc3 40. f5 d2+ 41. Kf2 Rc1 42. Ke2 Rxd1 43. Kxd1 Bc3 44. fxe6 fxe6 0-1

[Event "British Columbia op"]
[Site "Burnaby CAN"]
[Date "2025.02.15"]
[Round "2.12"]
[White "Chen, Yonglong"]
[Black "Zhang, Kai Zhongkai"]
[Result "1/2-1/2"]
[WhiteElo "1570"]
[BlackElo "1937"]
[WhiteFideId "-1"]
[WhiteFideId "-1"]
[PlyCount "63"]
[GameId "2162699947175456"]
[EventDate "2025.02.15"]
[EventType "swiss"]
[EventRounds "6"]
[EventCountry "CAN"]

1. d4 Nf6 2. Bf4 e6 3. e3 d5 4. Nf3 Bd6 5. Ne5 O-O 6. Nd2 Nbd7 7. Bd3 Qe7 8. c3 c5 9. g4 Bxe5 10. dxe5 Ne8 11. g5 g6 12. h4 c4 13. Bc2 Ng7 14. h5 Nc5 15. Qe2 Rd8 16. hxg6 fxg6 17. O-O-O Nh5 18. Rxh5 gxh5 19. Rh1 Qf7 20. b4 Nd3+ 21. Bxd3 cxd3 22. Qxd3 a5 23. Ne4 Qg6 24. Nf6+ Kf7 25. Qe2 axb4 26. Qxh5 Qxh5 27. Rxh5 Rh8 28. Rh6 Kg7 29. Nh5+ Kg8 30. Nf6+ Kg7 31. Nh5+ Kg8 32. Nf6+ 1/2-1/2

[Event "British Columbia op"]
[Site "Burnaby CAN"]
[Date "2025.02.15"]
[Round "2.13"]
[White "Baldeschi, Niccolò"]
[Black "Li, Aaron"]
[Result "1-0"]
[WhiteElo "2357"]
[BlackElo "1632"]
[WhiteFideId "-1"]
[WhiteFideId "-1"]
[PlyCount "83"]
[GameId "2162699947175457"]
[EventDate "2025.02.15"]
[EventType "swiss"]
[EventRounds "6"]
[EventCountry "CAN"]

1. d4 Nf6 2. c4 e6 3. Nf3 Bb4+ 4. Nc3 c5 5. e3 Nc6 6. Bd3 d5 7. O-O O-O 8. cxd5 exd5 9. dxc5 Bxc5 10. h3 Re8 11. b3 Ne5 12. Nxe5 Rxe5 13. Bb2 Rh5 14. Na4 d4 15. Nxc5 Rxc5 16. Bxd4 Rc7 17. Qf3 Rc6 18. Rfd1 a6 19. Bxf6 Qxf6 20. Be4 Rc7 21. Qxf6 gxf6 22. Rd8+ Kg7 23. a4 Ra7 24. a5 Be6 25. Rb1 f5 26. Bf3 Rd7 27. Rxd7 Bxd7 28. Rc1 Kf6 29. Rc7 Bb5 30. Rxb7 Rxb7 31. Bxb7 Ke5 32. f4+ Kd6 33. b4 h5 34. g3 f6 35. Kf2 Kc7 36. Bf3 Be8 37. Be2 Kb7 38. Ke1 Bf7 39. Kd2 Be8 40. Kc3 Ka7 41. Kd4 Bf7 42. Kc5 1-0

[Event "British Columbia op"]
[Site "Burnaby CAN"]
[Date "2025.02.15"]
[Round "2.14"]
[White "Wu, Nicholas Pei-Chang"]
[Black "Yao, Lucas"]
[Result "1/2-1/2"]
[WhiteElo "1838"]
[BlackElo "2109"]
[WhiteFideId "-1"]
[WhiteFideId "-1"]
[PlyCount "91"]
[GameId "2162699947175458"]
[EventDate "2025.02.15"]
[EventType "swiss"]
[EventRounds "6"]
[EventCountry "CAN"]

1. d4 d5 2. Bf4 Nf6 3. e3 c5 4. dxc5 Nc6 5. Bb5 Ne4 6. b4 g6 7. Ne2 Bg7 8. c3 O-O 9. Bxc6 bxc6 10. f3 Nf6 11. Nd2 Ba6 12. O-O Nh5 13. Bg5 h6 14. Bh4 Bxe2 15. Qxe2 Bxc3 16. Rab1 Qc7 17. Rfc1 Bg7 18. a4 e5 19. b5 Rab8 20. bxc6 Qxc6 21. Rb5 a6 22. Ra5 Rb2 23. Qxa6 Qxa6 24. Rxa6 Rxd2 25. c6 g5 26. Be1 Rb2 27. c7 Rc8 28. g4 Rb7 29. Ba5 Nf6 30. Rd6 Rcxc7 31. Bxc7 e4 32. fxe4 Nxe4 33. Rb6 Ra7 34. Rb8+ Kh7 35. a5 Bc3 36. Bb6 Ra6 37. Rb7 Kg6 38. Ra7 Rxa7 39. Bxa7 Bxa5 40. Rd1 Nf6 41. h3 Bc7 42. Bd4 Ne4 43. Bb2 Bb6 44. Bd4 Bd8 45. Bb2 Bb6 46. Bd4 1/2-1/2

[Event "British Columbia op"]
[Site "Burnaby CAN"]
[Date "2025.02.15"]
[Round "2.15"]
[White "Mok, Erwin Jun-Han"]
[Black "Lu, Aiden Hao-Ting"]
[Result "1-0"]
[WhiteElo "1973"]
[BlackElo "1785"]
[WhiteFideId "-1"]
[WhiteFideId "-1"]
[PlyCount "157"]
[GameId "2162699947175459"]
[EventDate "2025.02.15"]
[EventType "swiss"]
[EventRounds "6"]
[EventCountry "CAN"]

1. d4 d5 2. c4 c6 3. cxd5 cxd5 4. Bf4 Nf6 5. Nc3 a6 6. e3 Nc6 7. Bd3 Bg4 8. f3 Bh5 9. Qb3 Na5 10. Qa4+ Nc6 11. Rc1 e6 12. Nge2 Bd6 13. O-O O-O 14. a3 Bg6 15. Bxd6 Qxd6 16. Bxg6 hxg6 17. e4 Qd8 18. e5 Nd7 19. Qd1 Na5 20. Qd3 Nc4 21. Rc2 Qb6 22. Na4 Qa7 23. Kh1 b5 24. Nac3 Nb8 25. Nb1 Qe7 26. Nd2 Nd7 27. Nxc4 dxc4 28. Qe4 Nb6 29. f4 Rfd8 30. Ng1 Nd5 31. Nf3 Rac8 32. Ng5 Kf8 33. g4 Ke8 34. Nf3 Kd7 35. f5 gxf5 36. gxf5 Kc7 37. fxe6 fxe6 38. a4 Kb6 39. axb5 axb5 40. Ra1 Rf8 41. Rg2 Rf4 42. Qe2 Rcf8 43. Rf1 Qf7 44. Rg3 Ne7 45. Kg1 Nf5 46. d5 Nxg3 47. Qe3+ Kb7 48. Ra1 Ra8 49. Rxa8 Kxa8 50. dxe6 Qxe6 51. hxg3 Rg4 52. Kf2 Qd5 53. Qa3+ Kb7 54. Qf8 Qe6 55. Qb4 Kb6 56. Qf8 Rg6 57. Qb8+ Ka5 58. Qa7+ Qa6 59. Qd7 Qb6+ 60. Kg2 Qe3 61. Qd8+ Kb4 62. Qf8+ Qc5 63. Qa8 Kb3 64. Qe4 Rb6 65. Nd4+ Kxb2 66. Qc2+ Ka3 67. Qc3+ Ka4 68. Qc2+ Ka5 69. Nb3+ Kb4 70. Nxc5 Kxc5 71. Qf2+ Kc6 72. e6 Rb7 73. Qf3+ Kb6 74. Qxb7+ Kxb7 75. e7 Kb6 76. e8=Q b4 77. Qe6+ Kb5 78. Qd5+ Ka4 79. Qxc4 1-0

[Event "British Columbia op"]
[Site "Burnaby CAN"]
[Date "2025.02.15"]
[Round "2.16"]
[White "Arya, Aadit"]
[Black "Wangluo, Joanne"]
[Result "1-0"]
[WhiteElo "1960"]
[BlackElo "1641"]
[WhiteFideId "-1"]
[WhiteFideId "-1"]
[PlyCount "127"]
[GameId "2162699947175460"]
[EventDate "2025.02.15"]
[EventType "swiss"]
[EventRounds "6"]
[EventCountry "CAN"]

1. e4 c5 2. Nf3 e6 3. d4 cxd4 4. Nxd4 a6 5. c4 b6 6. Nc3 Bb7 7. Be3 d6 8. Be2 Nf6 9. f3 Be7 10. Rc1 Nbd7 11. O-O O-O 12. Nc2 Rc8 13. Bf2 Ne5 14. Ne3 Re8 15. Qd2 Qc7 16. Rfd1 Red8 17. Qe1 h6 18. Kh1 Kh8 19. Qg1 Nfd7 20. Bg3 Ng6 21. a3 Nde5 22. f4 Nd7 23. Bf3 Bf6 24. Qe1 Kg8 25. b4 Qb8 26. h4 Ne7 27. Qd2 Bxc3 28. Rxc3 Nf6 29. Qc2 Qa8 30. Rd4 Nc6 31. Rd2 Ne7 32. e5 dxe5 33. fxe5 Ne4 34. Bxe4 Bxe4 35. Rxd8+ Rxd8 36. Qf2 Nf5 37. Nxf5 Bxf5 38. Qxb6 Rd2 39. Bf2 Be4 40. Rg3 Rc2 41. Qe3 Kh7 42. Qf4 Qb7 43. c5 Rc4 44. Qd2 Bd5 45. Kh2 Rxh4+ 46. Kg1 Re4 47. Qc2 Kh8 48. Qc3 Rc4 49. Qe3 Re4 50. Qc3 Rc4 51. Qb2 Re4 52. Be3 Qc7 53. Bd4 Qb7 54. Bc3 Qb5 55. Qf2 Qb7 56. Rf3 Kg8 57. Rg3 Kh8 58. Bd2 Rc4 59. Bxh6 Kh7 60. Bxg7 Rc1+ 61. Kh2 Rc4 62. Bf6 Re4 63. Rh3+ Kg6 64. Qg3+ 1-0

[Event "British Columbia op"]
[Site "Burnaby CAN"]
[Date "2025.02.15"]
[Round "2.17"]
[White "Zhu, Daniel"]
[Black "Yin, Andrew"]
[Result "0-1"]
[WhiteElo "1821"]
[BlackElo "1910"]
[WhiteFideId "-1"]
[WhiteFideId "-1"]
[PlyCount "112"]
[GameId "2162699947175461"]
[EventDate "2025.02.15"]
[EventType "swiss"]
[EventRounds "6"]
[EventCountry "CAN"]

1. d4 d5 2. Bf4 c5 3. e3 Nc6 4. c3 Bf5 5. Bd3 Bxd3 6. Qxd3 e6 7. Nf3 Qb6 8. Qc2 Nf6 9. O-O Be7 10. Nbd2 O-O 11. Rad1 Rac8 12. Qb1 h6 13. h3 Rfd8 14. Rfe1 a5 15. Nf1 Ne4 16. Ng3 f5 17. Nxe4 fxe4 18. Ne5 Nxe5 19. Bxe5 Bd6 20. dxc5 Qxc5 21. Bd4 Qc7 22. c4 Qxc4 23. Bb6 Rf8 24. Bxa5 Ra8 25. b3 Qa6 26. Bc3 Qxa2 27. Qxa2 Rxa2 28. Rf1 Rc8 29. Rc1 Ra3 30. Bd4 Rxc1 31. Rxc1 Rxb3 32. g3 Kf7 33. Rc8 e5 34. Ba7 Ra3 35. Bb6 Ra6 36. Bd8 Ke6 37. Bh4 g5 38. Rh8 gxh4 39. Rxh6+ Kd7 40. Rxh4 b5 41. g4 b4 42. Rh7+ Be7 43. Rh8 Bd8 44. Rh7+ Kc8 45. g5 b3 46. Rh6 Rxh6 47. gxh6 b2 48. h7 b1=Q+ 49. Kg2 Bf6 50. h4 d4 51. exd4 exd4 52. h5 d3 53. h6 d2 54. f4 d1=Q 55. f5 Qg4+ 56. Kf2 Qbg1# 0-1

[Event "British Columbia op"]
[Site "Burnaby CAN"]
[Date "2025.02.15"]
[Round "2.18"]
[White "Wu, Bowen"]
[Black "Lin, Michael"]
[Result "0-1"]
[WhiteElo "1880"]
[BlackElo "1794"]
[WhiteFideId "-1"]
[WhiteFideId "-1"]
[PlyCount "80"]
[GameId "2162699947175462"]
[EventDate "2025.02.15"]
[EventType "swiss"]
[EventRounds "6"]
[EventCountry "CAN"]

1. d4 d5 2. c4 e6 3. Nc3 a6 4. Nf3 dxc4 5. e4 b5 6. Be2 Nf6 7. Bg5 Be7 8. Bxf6 Bxf6 9. O-O O-O 10. e5 Be7 11. a4 b4 12. Ne4 Bb7 13. Ng3 c5 14. Bxc4 Nd7 15. dxc5 Bxc5 16. Re1 Qc7 17. Qe2 Bxf3 18. gxf3 Bd4 19. Rac1 Qb6 20. f4 Nc5 21. b3 Rfd8 22. Red1 Rd7 23. Rd2 Rad8 24. Rcd1 Bxf2+ 25. Kf1 Bxg3 26. Rxd7 Rxd7 27. Rxd7 Nxd7 28. hxg3 Nc5 29. Qf3 g6 30. Qa8+ Kg7 31. Ke2 Qc7 32. Ke3 Nxb3 33. Qxa6 Qc5+ 34. Ke2 Na5 35. Bd3 b3 36. Qb5 Qc3 37. Qd7 Nc6 38. a5 b2 39. a6 Nd4+ 40. Ke3 b1=Q 0-1

[Event "British Columbia op"]
[Site "Burnaby CAN"]
[Date "2025.02.15"]
[Round "2.19"]
[White "Fan, Henry"]
[Black "Mu, Shaunavon"]
[Result "1-0"]
[WhiteElo "1667"]
[BlackElo "1844"]
[WhiteFideId "-1"]
[WhiteFideId "-1"]
[PlyCount "61"]
[GameId "2162699947175463"]
[EventDate "2025.02.15"]
[EventType "swiss"]
[EventRounds "6"]
[EventCountry "CAN"]

1. Nf3 g6 2. g3 Bg7 3. Bg2 e5 4. d3 d6 5. c4 f5 6. Nc3 Nf6 7. Qb3 Nc6 8. O-O O-O 9. Bg5 h6 10. Bxf6 Bxf6 11. Nd5 Bg7 12. e4 f4 13. c5 Kh7 14. Rac1 g5 15. h3 dxc5 16. Rxc5 Qd6 17. Rfc1 fxg3 18. fxg3 Nd4 19. Nxd4 exd4 20. Rxc7 Qxg3 21. R1c2 Kh8 22. Qb4 Bd7 23. Ne7 Be5 24. Ng6+ Kg8 25. Nxe5 Qxe5 26. Rxd7 Qg3 27. Qe7 Qe3+ 28. Kh1 Rf1+ 29. Bxf1 Qf3+ 30. Bg2 Qd1+ 31. Kh2 1-0

[Event "British Columbia op"]
[Site "Burnaby CAN"]
[Date "2025.02.15"]
[Round "2.20"]
[White "Harms, Reece"]
[Black "Leblanc, Paul"]
[Result "1-0"]
[WhiteElo "2087"]
[BlackElo "1814"]
[WhiteFideId "-1"]
[WhiteFideId "-1"]
[PlyCount "55"]
[GameId "2162699947175464"]
[EventDate "2025.02.15"]
[EventType "swiss"]
[EventRounds "6"]
[EventCountry "CAN"]

1. d4 d5 2. c4 c6 3. cxd5 cxd5 4. Bf4 Nc6 5. e3 Nf6 6. Nc3 Bf5 7. Nf3 e6 8. Ne5 Ne4 9. Nxc6 bxc6 10. Qa4 Qb6 11. Nxe4 Bxe4 12. a3 Be7 13. f3 Bg6 14. Ba6 O-O 15. b4 f6 16. Kf2 Be8 17. Rhc1 g5 18. Bg3 f5 19. Be5 f4 20. exf4 gxf4 21. Bd3 Bf6 22. Bxf6 Rxf6 23. Rc5 Bd7 24. Qc2 Rh6 25. Qd2 Rf8 26. Kg1 Qd8 27. g4 fxg3 28. Qxh6 1-0

[Event "British Columbia op"]
[Site "Burnaby CAN"]
[Date "2025.02.15"]
[Round "2.21"]
[White "Taylor, Ashton"]
[Black "Imoo, Joshua"]
[Result "1-0"]
[WhiteElo "2061"]
[BlackElo "1813"]
[WhiteFideId "-1"]
[WhiteFideId "-1"]
[PlyCount "123"]
[GameId "2162699947175465"]
[EventDate "2025.02.15"]
[EventType "swiss"]
[EventRounds "6"]
[EventCountry "CAN"]

1. d4 d5 2. c4 e6 3. Nf3 Nf6 4. g3 Be7 5. Bg2 O-O 6. O-O dxc4 7. Qc2 a6 8. a4 Bd7 9. Qxc4 Bc6 10. Bg5 Bd5 11. Qc2 Be4 12. Qc1 Nbd7 13. Nc3 Bc6 14. Rd1 h6 15. Bxf6 Nxf6 16. Ne5 Bxg2 17. Kxg2 c6 18. e3 Qc7 19. Qc2 c5 20. Ne4 Nxe4 21. Qxe4 Rfd8 22. Rac1 b6 23. Nc6 Rdc8 24. Nxe7+ Qxe7 25. dxc5 bxc5 26. Rd2 Rab8 27. Rdc2 Rb6 28. h4 Rb4 29. Qxb4 cxb4 30. Rxc8+ Kh7 31. R8c7 Qf6 32. R1c2 Qe5 33. Kh2 Kg6 34. R7c5 Qd6 35. h5+ Kf6 36. R2c4 b3 37. Kg2 Qd2 38. Rf4+ Ke7 39. Rc7+ Kd6 40. Rcxf7 Qxb2 41. Rd4+ Ke5 42. Kh3 Qxd4 43. exd4+ Kxd4 44. Ra7 b2 45. Rb7 Kc3 46. Kg4 Kc2 47. Kf4 b1=Q 48. Rxb1 Kxb1 49. Ke5 Kb2 50. Kxe6 a5 51. f4 Kb3 52. Kd5 Kxa4 53. Kc4 Ka3 54. g4 a4 55. Kc3 Ka2 56. f5 a3 57. Kc2 Ka1 58. g5 hxg5 59. h6 g4 60. hxg7 g3 61. g8=Q a2 62. Qh8# 1-0

[Event "British Columbia op"]
[Site "Burnaby CAN"]
[Date "2025.02.15"]
[Round "2.22"]
[White "Ibrahim, Ismail"]
[Black "Suresh, Barath Subramanian"]
[Result "0-1"]
[WhiteElo "2020"]
[BlackElo "1805"]
[WhiteFideId "-1"]
[WhiteFideId "-1"]
[PlyCount "62"]
[GameId "2162699947183658"]
[EventDate "2025.02.15"]
[EventType "swiss"]
[EventRounds "6"]
[EventCountry "CAN"]

1. e4 c5 2. Nc3 g6 3. g3 Bg7 4. Bg2 Nc6 5. d3 d6 6. Nh3 e6 7. a4 Nge7 8. O-O O-O 9. Nf4 a6 10. h4 Rb8 11. h5 b5 12. axb5 axb5 13. h6 Bh8 14. Nce2 d5 15. exd5 exd5 16. c3 d4 17. c4 bxc4 18. dxc4 Na5 19. Qa4 Nb3 20. Ra3 Rb4 21. Qa8 d3 22. Nc3 d2 23. Bxd2 Qxd2 24. Ncd5 Nxd5 25. Nxd5 Bxb2 26. Ra2 Nc1 27. Rxc1 Qxc1+ 28. Bf1 Bd4 29. Ne7+ Kh8 30. Nxc8 Rb1 31. Qg2 Rxc8 0-1

[Event "British Columbia op"]
[Site "Burnaby CAN"]
[Date "2025.02.15"]
[Round "2.23"]
[White "Zaruev, Timur"]
[Black "Daniel, Kyle"]
[Result "1/2-1/2"]
[WhiteElo "1902"]
[BlackElo "1798"]
[WhiteFideId "-1"]
[WhiteFideId "-1"]
[PlyCount "149"]
[GameId "2162699947183659"]
[EventDate "2025.02.15"]
[EventType "swiss"]
[EventRounds "6"]
[EventCountry "CAN"]

1. e4 c5 2. Nf3 d6 3. Bc4 Nf6 4. d3 e6 5. O-O Be7 6. Bb3 O-O 7. a4 Nc6 8. c3 b6 9. Re1 Bb7 10. Nbd2 Qc7 11. Nf1 Rad8 12. Bg5 Ne5 13. Ng3 Ng6 14. h4 h6 15. h5 Ne5 16. Bxf6 Bxf6 17. Nh2 c4 18. dxc4 Nxc4 19. Qe2 Rc8 20. Bxc4 Qxc4 21. Qxc4 Rxc4 22. a5 Be5 23. Nhf1 Rfc8 24. axb6 axb6 25. Ra7 R8c7 26. Nd2 R4c5 27. Ndf1 b5 28. Ra5 b4 29. Rxc5 Rxc5 30. cxb4 Rb5 31. b3 Rxb4 32. Re3 Ba6 33. Kh1 Rd4 34. Re1 Rd3 35. Rb1 Bd4 36. f3 g6 37. hxg6 fxg6 38. b4 Bb5 39. Ne2 Be5 40. f4 Bf6 41. Neg3 Ra3 42. Kh2 h5 43. e5 dxe5 44. Ne4 Bg7 45. Rc1 Bxf1 46. Rxf1 Rb3 47. Nc5 Rxb4 48. Nxe6 exf4 49. Nxf4 Be5 50. g3 Bxf4 51. gxf4 Kg7 52. Kg3 Kf6 53. Rf3 Rb1 54. Ra3 Rg1+ 55. Kf2 Rg4 56. Kf3 Rg1 57. Ra6+ Kg7 58. Kf2 Rb1 59. Kg3 Rb5 60. Rc6 Kh6 61. Rc3 Rb1 62. Rc4 Rb3+ 63. Kg2 h4 64. Rc5 h3+ 65. Kh2 Rf3 66. Ra5 Rxf4 67. Kxh3 g5 68. Kg3 Kh5 69. Rb5 Rg4+ 70. Kh3 Rc4 71. Kg2 Kh4 72. Rb2 g4 73. Ra2 Rc3 74. Rb2 Rg3+ 75. Kh2 1/2-1/2

[Event "British Columbia op"]
[Site "Burnaby CAN"]
[Date "2025.02.15"]
[Round "2.24"]
[White "Guo, Biaobiao Boyong"]
[Black "Zhang, Bicheng"]
[Result "0-1"]
[WhiteElo "1895"]
[BlackElo "1786"]
[WhiteFideId "-1"]
[WhiteFideId "-1"]
[PlyCount "98"]
[GameId "2162699947183660"]
[EventDate "2025.02.15"]
[EventType "swiss"]
[EventRounds "6"]
[EventCountry "CAN"]

1. d4 Nf6 2. c4 e6 3. Nc3 Bb4 4. Bd2 b6 5. Nf3 Bb7 6. e3 O-O 7. Be2 Bxc3 8. Bxc3 Ne4 9. Qc2 d6 10. O-O f5 11. Nd2 Nd7 12. f3 Nxc3 13. bxc3 Qe7 14. f4 Nf6 15. Bf3 Bxf3 16. Rxf3 Rac8 17. e4 fxe4 18. Nxe4 c5 19. Re1 cxd4 20. Ng5 h6 21. Nxe6 Rfe8 22. cxd4 d5 23. Qg6 dxc4 24. Rg3 Kh8 25. Rc1 Nh5 26. Ng5 hxg5 27. Qxh5+ Kg8 28. fxg5 Qe2 29. Qg6 Qe4 30. Qxe4 Rxe4 31. Rd1 Re2 32. a3 c3 33. Rc1 c2 34. h3 Rd2 35. Rf3 a5 36. Rf2 Rd1+ 37. Rf1 Rxd4 38. Rf2 Rdc4 39. Kh2 b5 40. g6 b4 41. axb4 axb4 42. Re2 R4c6 43. h4 b3 44. h5 b2 45. Rce1 Rf8 46. h6 c1=Q 47. Rf2 Qxh6+ 48. Kg1 Rc1 49. Ref1 Rxf1+ 0-1

[Event "British Columbia op"]
[Site "Burnaby CAN"]
[Date "2025.02.15"]
[Round "2.25"]
[White "Cachelin, Justin"]
[Black "Li, Moses"]
[Result "1-0"]
[WhiteElo "1867"]
[BlackElo "1741"]
[WhiteFideId "-1"]
[WhiteFideId "-1"]
[PlyCount "101"]
[GameId "2162699947183661"]
[EventDate "2025.02.15"]
[EventType "swiss"]
[EventRounds "6"]
[EventCountry "CAN"]

1. Nf3 d5 2. g3 c5 3. Bg2 Nf6 4. c4 e6 5. O-O Nc6 6. b3 Be7 7. Bb2 O-O 8. d3 b6 9. Nbd2 Bb7 10. Ne5 Qc7 11. Nxc6 Bxc6 12. cxd5 Nxd5 13. e4 Nb4 14. Qg4 e5 15. Nc4 f6 16. Rfd1 Nc2 17. Rac1 Nd4 18. Bxd4 exd4 19. f4 Rae8 20. Bh3 Bd6 21. Re1 Re7 22. Qh5 g6 23. Qd1 Rfe8 24. Rc2 Bb7 25. Rf1 Rg7 26. Bg2 h5 27. e5 Be7 28. Bxb7 Qxb7 29. exf6 Bxf6 30. Nd6 Qe7 31. Nxe8 Qxe8 32. Re2 Qd7 33. Re4 Rf7 34. Rfe1 Kg7 35. Qf3 Qh3 36. Re8 h4 37. Qg2 Qg4 38. Qe2 Qf5 39. Qf3 Qh3 40. R1e2 Qf5 41. R8e4 Kh6 42. g4 Qd5 43. g5+ Bxg5 44. fxg5+ Qxg5+ 45. Qg4 Qc1+ 46. Re1 Qc2 47. Qxh4+ Kg7 48. Rf4 Rb7 49. Re7+ Rxe7 50. Qxe7+ Kh6 51. Rh4# 1-0